000 00746cam a22002413a 4500
001 12757
003 PGUSA
005 20140828083256.0
008 040628s2004||||xxu|||||s|||||000 p eng d
040 _aPGUSA
_beng
042 _adc
050 4 _aPT
100 1 _aRuneberg, Johan Ludvig,
_d1804-1877
245 1 0 _aVänrikki Stoolin tarinat (suom. Manninen)
_h[electronic resource] /
_cJohan Ludvig Runeberg
260 _bProject Gutenberg,
_c2004
506 _aPublic domain in the USA.
516 _aElectronic text
653 _aFinland -- History -- Russian Conquest, 1808-1809 -- Poetry
700 1 _aManninen, Otto,
_d1872-1950
830 0 _aProject Gutenberg
_v12757
856 4 0 _uhttp://www.gutenberg.org/ebooks/12757
942 _cEB
999 _c242012
_d242012